[Event "19th Belgrade Trophy"]
[Site "Belgrade SRB"]
[Date "2006.11.30"]
[Round "9"]
[White "Martinovic,Sl"]
[Black "Kantorik,M"]
[Result "0-1"]
[WhiteElo "2440"]
[BlackElo "2364"]

1.e4 d5 2.exd5 Qxd5 3.Nc3 Qd6 4.d4 Nf6 5.Nf3 Bg4 6.Be2 a6 7.Be3 e6 8.h3 Bh5
9.Ne5 Bxe2 10.Qxe2 Nc6 11.Nf3 Be7 12.O-O-O O-O-O 13.a3 Nd5 14.Ne4 Qd7 15.c4 Nxe3
16.fxe3 f5 17.Nc3 Bf6 18.Rhe1 Rhe8 19.Kb1 Kb8 20.Rd2 g5 21.Red1 Qg7 22.g4 h5
23.Ne1 Rh8 24.Nc2 hxg4 25.hxg4 Rh4 26.gxf5 exf5 27.Rf1 f4 28.exf4 Na5 29.c5 Qh7
30.Qf3 Nb3 31.Rdd1 Rxd4 32.Rxd4 Nxd4 33.Qe4 Nxc2 34.Qxc2 Bxc3 35.Qxh7 Rxh7
36.bxc3 Rf7 37.Rf3 Kc8 38.Kc2 Kd7 39.Kd3 Kc6 40.Kd4 Rf5 41.c4 Rf8 42.a4 a5  0-1

[Event "66th ch-ITA"]
[Site "Cremona ITA"]
[Date "2006.12.01"]
[Round "9"]
[White "Vocaturo,D"]
[Black "Borgo,G"]
[Result "1/2-1/2"]
[WhiteElo "2441"]
[BlackElo "2420"]

1.e4 d5 2.exd5 Qxd5 3.Nc3 Qd6 4.d4 Nf6 5.Nf3 c6 6.Ne5 Nbd7 7.Nc4 Qc7 8.g3 Nb6
9.Ne5 Be6 10.Bg2 g6 11.O-O Bg7 12.Qe2 Rd8 13.Bf4 Qc8 14.Rad1 O-O 15.Rfe1 Rfe8
16.h4 Nbd5 17.Bd2 Nxc3 18.Bxc3 Bd5 19.Bb4 Bxg2 20.Kxg2 Qe6 21.a3 Nd5 22.Bd2 Bxe5
23.Qxe5 Qxe5 24.dxe5 Rd7 25.Kf3 Red8 26.Bg5 Nc7 27.Rxd7 Rxd7 28.Be3 a6 29.a4 Kf8
30.Ke4 Ke8 31.h5 Nd5 32.hxg6 hxg6 33.Bd4 Kf8 34.Rh1 f5+ 35.exf6 Nxf6+ 36.Ke3 Ng4+
37.Ke4 Nf6+ 38.Ke3 Ng4+ 39.Ke4  1/2-1/2

[Event "Polyarniy Krug"]
[Site "Salekhard RUS"]
[Date "2006.12.02"]
[Round "4"]
[White "Mitkov,N2"]
[Black "Potapov,P"]
[Result "0-1"]
[WhiteElo "1992"]
[BlackElo "2406"]

1.e4 d5 2.exd5 Qxd5 3.Nc3 Qd6 4.Bc4 Nf6 5.d3 a6 6.Qe2 Nc6 7.Bd2 Nd4 8.Qd1 b5
9.Bb3 Bb7 10.f3 g6 11.Nge2 Bxf3 12.gxf3 Nxf3+ 13.Kf1 b4 14.Bf4 Qd7 15.Ng3 Nh4
16.Ba4 c6 17.Nce2 e5 18.h3 exf4 19.Nxf4 O-O-O 20.a3 Bd6 21.Qd2 Qc7 22.Nge2 Nf5
23.Kg2 g5  0-1

[Event "29th ch-GRE w"]
[Site "Athens GRE"]
[Date "2006.12.03"]
[Round "9"]
[White "Pavlogianni,D"]
[Black "Papadopoulou,V"]
[Result "0-1"]
[WhiteElo "1951"]
[BlackElo "2246"]

1.e4 d5 2.exd5 Qxd5 3.Nc3 Qd6 4.d4 Nf6 5.Nf3 c6 6.Ne5 Nbd7 7.Nc4 Qc7 8.Qf3 Nb6
9.Ne5 Be6 10.Bf4 Qc8 11.O-O-O g6 12.Be2 Bg7 13.h4 h5 14.Rhe1 O-O 15.Bd3 Nbd5
16.Nxd5 Nxd5 17.Qg3 Bf5 18.Bd2 a5 19.c4 Nb4 20.Bxb4 axb4 21.Bb1 Bh6+ 22.f4 Rd8
23.Bxf5 Qxf5 24.Qd3 Qxd3 25.Rxd3 Bxf4+ 26.Kb1 Ra5 27.Nf3 e5 28.d5 cxd5 29.Nxe5 Re8
30.Nf3 Rxe1+ 31.Nxe1 dxc4 32.Rd4 Bg3 33.Nf3 Rc5 34.Nd2 c3 35.Ne4 c2+ 36.Kc1 Bf4+
37.Nd2 Be3 38.Rd3 Bh6 39.g3 Kf8 40.Rd4 b5 41.b3 Bg7  0-1

[Event "66th ch-ITA"]
[Site "Cremona ITA"]
[Date "2006.12.03"]
[Round "11"]
[White "Piscopo,P"]
[Black "Borgo,G"]
[Result "1-0"]
[WhiteElo "2380"]
[BlackElo "2420"]

1.e4 d5 2.exd5 Qxd5 3.Nc3 Qd6 4.d4 Nf6 5.Nf3 c6 6.h3 Bf5 7.g4 Bg6 8.Bg2 Nbd7
9.O-O e6 10.Qe2 Be7 11.Rd1 Qc7 12.Ne5 Nxe5 13.dxe5 Nd5 14.Bd2 h5 15.Rac1 hxg4
16.hxg4 Nxc3 17.Bxc3 O-O 18.Be4 Bxe4 19.Qxe4 Rfd8 20.Kg2 Rxd1 21.Rxd1 g6
22.Rd3 Rd8 23.Rf3 Bg5 24.Bd4 c5 25.Bc3 Rd1 26.Rd3 Rxd3 27.Qxd3 Qc6+ 28.Qf3 Qd5
29.b3 b5 30.Bb2 a6 31.a3 Kf8 32.Qxd5 exd5 33.Kg3 Bd2 34.f4 Ke7 35.f5 gxf5
36.gxf5 a5 37.Kf3 a4 38.Ke2 Bf4 39.bxa4 bxa4 40.Kd3 Kd7 41.c4 Kc6 42.e6 fxe6
43.fxe6 Bg5 44.Be5 d4 45.Ke4 Bh6 46.Kf5 d3 47.Kg6 Bg5 48.Bf4  1-0

[Event "FSGM December"]
[Site "Budapest HUN"]
[Date "2006.12.05"]
[Round "4"]
[White "Szabo,Kr1"]
[Black "Paschall,W"]
[Result "1-0"]
[WhiteElo "2476"]
[BlackElo "2374"]

1.e4 d5 2.exd5 Qxd5 3.Nc3 Qd6 4.d4 Nf6 5.Nf3 a6 6.g3 b5 7.Bg2 Bb7 8.O-O e6
9.Ne5 Bxg2 10.Kxg2 b4 11.Qf3 Ra7 12.Ne4 Qd5 13.Nxf6+ gxf6 14.Qxd5 exd5 15.Ng4 Nd7
16.Re1+ Kd8 17.Bf4 Bd6 18.Nh6 Rf8 19.Kf3  1-0

[Event "3rd Rapid Masters"]
[Site "Benidorm ESP"]
[Date "2006.12.07"]
[Round "1"]
[White "Delchev,A"]
[Black "Gomez Benitez,D"]
[Result "1-0"]
[WhiteElo "2628"]
[BlackElo "2109"]

1.e4 d5 2.Nc3 dxe4 3.Nxe4 Qd5 4.Nc3 Qd6 5.d4 Nf6 6.Nb5 Qd8 7.c4 a6 8.Nc3 Bg4
9.Be2 Bxe2 10.Ngxe2 e6 11.Qb3 Qc8 12.Bg5 Nbd7 13.O-O Be7 14.Ng3 h6 15.Bd2 O-O
16.Rfe1 Re8 17.Rad1 c5 18.d5 exd5 19.Nxd5 Nxd5 20.cxd5 c4 21.Qc2 b5 22.Nf5 Bf8
23.Rxe8 Qxe8 24.Re1 Qd8 25.Re3 Nf6 26.Rg3 Kh8 27.d6 Qd7 28.Bc3 Re8 29.Nxh6 Bxd6
30.Rh3 Nh7 31.Nxf7+  1-0

[Event "Bundesliga 2006-7"]
[Site "Bann GER"]
[Date "2006.12.09"]
[Round "5"]
[White "Slobodjan,R"]
[Black "Muse,D"]
[Result "1-0"]
[WhiteElo "2525"]
[BlackElo "2412"]

1.e4 d5 2.exd5 Qxd5 3.Nc3 Qd6 4.d4 Nf6 5.Nf3 c6 6.h3 Bf5 7.Bd3 Bxd3 8.Qxd3 Nbd7
9.Bg5 e6 10.O-O-O Be7 11.Rhe1 O-O 12.Ne5 Nb6 13.Bxf6 Bxf6 14.Ne4 Qd8 15.f4 Rc8
16.h4 Nd5 17.Kb1 b5 18.g3 Be7 19.Ng5 g6 20.c3 Nb6 21.Ngf3 Qd5 22.h5 f6 23.hxg6 fxe5
24.gxh7+ Kh8 25.Nxe5 Bf6 26.Ng6+ Kg7 27.g4 Kf7 28.Nxf8 Rxf8 29.f5 exf5 30.Rf1 Qe4
31.Qxe4 fxe4 32.Rxf6+  1-0

[Event "13th Open A"]
[Site "Zadar CRO"]
[Date "2006.12.12"]
[Round "2"]
[White "Zelcic,R"]
[Black "Kovacevic,Bl"]
[Result "1-0"]
[WhiteElo "2556"]
[BlackElo "2471"]

1.e4 d5 2.exd5 Qxd5 3.Nc3 Qd6 4.d4 Nf6 5.Nf3 c6 6.Be3 Bg4 7.h3 Bh5 8.Be2 e6
9.Ne5 Bxe2 10.Qxe2 Nbd7 11.f4 Qc7 12.O-O-O Bb4 13.Bd2 O-O 14.Kb1 Bxc3 15.Bxc3 Nd5
16.Bd2 b5 17.h4 f5 18.c4 bxc4 19.Qxc4 Nxe5 20.dxe5 c5 21.Rc1 Rac8 22.Rh3 Qd7
23.Ba5 Rb8 24.Rd3 Rb5 25.Be1 Rfb8 26.b3 Qe8 27.Ka1 Nb6 28.Qc2 c4 29.bxc4 Rc5
30.Rd4 Rbc8 31.Qd3 Qa4 32.Bf2 Kf7 33.g4 Rxc4 34.Rcxc4 Rxc4 35.Rxc4 Qxc4 36.Qxc4 Nxc4
37.gxf5 a6 38.fxe6+ Kxe6 39.a4 Kf5 40.Bc5 Nd2 41.Kb2 Ne4 42.Bf8 g6 43.Kb3 Ke6
44.Kb4 Kd5 45.Ka5  1-0

[Event "IM Multicoms"]
[Site "Paris FRA"]
[Date "2006.12.13"]
[Round "1"]
[White "Inkiov,V"]
[Black "Dutreeuw,M"]
[Result "1-0"]
[WhiteElo "2523"]
[BlackElo "2384"]

1.e4 d5 2.exd5 Qxd5 3.Nc3 Qd6 4.d4 Nf6 5.Nf3 a6 6.g3 Bg4 7.Bg2 Nc6 8.O-O O-O-O
9.h3 Bh5 10.Bf4 Qb4 11.a3 Qxb2 12.Qd3 Bxf3 13.Rfb1 Qxa1 14.Rxa1 Bxg2 15.Kxg2 Rxd4
16.Qf3 e6 17.Rb1 Be7 18.Ne2 Rd5 19.c4 Rc5 20.Qb3 Na5 21.Qb4 Re8 22.Qa4 b6
23.Rb4 Rd8 24.Be3 Rc6 25.Nd4  1-0

[Event "13th Open A"]
[Site "Zadar CRO"]
[Date "2006.12.14"]
[Round "6"]
[White "Jeric,S"]
[Black "Plenkovic,Z"]
[Result "1/2-1/2"]
[WhiteElo "2337"]
[BlackElo "2380"]

1.e4 d5 2.exd5 Qxd5 3.Nc3 Qd8 4.d4 Nf6 5.Nf3 Bf5 6.Bc4 c6 7.Ne5 e6 8.O-O Nbd7
9.Bb3 Nxe5 10.dxe5 Qxd1 11.Rxd1 Nd7 12.Bf4 Be7 13.h3 O-O-O  1/2-1/2

[Event "XIX Carlos Torre Mem"]
[Site "Merida MEX"]
[Date "2006.12.15"]
[Round "2"]
[White "Martin del Campo,R"]
[Black "Alonso Arteaga,L"]
[Result "1-0"]
[WhiteElo "2455"]
[BlackElo "2097"]

1.e4 d5 2.exd5 Qxd5 3.Nc3 Qd6 4.d4 Nf6 5.Be3 Bf5 6.Qf3 Bd7 7.Qxb7 Qc6 8.Qb3 e6
9.Nf3 Qb6 10.Ne5 Be7 11.Be2 O-O 12.O-O Be8 13.Nc4 Qxb3 14.axb3 c6 15.Nb6  1-0

[Event "XIX Carlos Torre Mem"]
[Site "Merida MEX"]
[Date "2006.12.16"]
[Round "4"]
[White "Arreguin Hernandez,A"]
[Black "Ibarra Chami,L"]
[Result "1/2-1/2"]
[WhiteElo "2150"]
[BlackElo "2339"]

1.e4 d5 2.exd5 Qxd5 3.Nc3 Qd6 4.d4 Nf6 5.Nge2 c6 6.g3 Bg4 7.Bg2 Nbd7 8.O-O e5
9.dxe5 Nxe5 10.Bf4 O-O-O 11.Qe1 Qe6 12.Nd4 Rxd4 13.Bxe5 Rd7 14.Qe3 Bd6 15.Bxf6 Qxe3
16.fxe3 gxf6 17.Ne4 Be5 18.Nxf6 Bxf6 19.Rxf6 Be6 20.Be4 h5 21.Raf1 h4 22.Bf5 hxg3
23.hxg3 Bxf5 24.R6xf5 Rh7 25.Kg2 Kd8 26.R1f4 Ke8 27.Rh4 Rg7 28.Re5+ Kf8 29.Rh8+ Rg8
30.Rxg8+ Kxg8 31.Rf5 Kg7 32.Rf2 Kg6 33.g4 f6 34.Kg3 Kg5 35.Rf5+ Kg6 36.Rf2 Kg5
37.Rh2 Rd1 38.Rh5+ Kg6 39.Rc5 Ra1 40.a3 Ra2 41.Kf4 Rxb2 42.g5 fxg5+ 43.Rxg5+ Kf6
44.Rc5 Ke6 45.e4 Ra2 46.Rc3 Rb2 47.Rb3 Rxc2 48.Rxb7 a5 49.Ra7 Rc5 50.Ke3 Rc3+
51.Kd4 Rxa3 52.Kc5 Rc3+ 53.Kd4 Ra3 54.Kc5 Ra1 55.Kxc6 a4 56.Kb5 a3 57.Kb4 Rb1+
58.Kc3 Re1 59.Ra6+ Ke5 60.Ra5+ Kxe4 61.Ra4+ Ke3 62.Kb3 Kd3 63.Rxa3 Rb1+ 64.Ka2+ Kc2
65.Rc3+ Kd2 66.Rd3+ Kc2 67.Rc3+ Kd2 68.Rd3+  1/2-1/2

[Event "13th Open A"]
[Site "Zadar CRO"]
[Date "2006.12.16"]
[Round "8"]
[White "Brkic,A"]
[Black "Kurajica,B"]
[Result "1-0"]
[WhiteElo "2541"]
[BlackElo "2555"]

1.e4 d5 2.exd5 Qxd5 3.Nc3 Qd8 4.d4 Nf6 5.Bg5 h6 6.Bh4 c6 7.Bc4 b5 8.Bb3 e6
9.a4 g5 10.Bg3 b4 11.Nce2 c5 12.Nf3 Bb7 13.a5 Bxf3 14.gxf3 Bd6 15.dxc5 Bxc5
16.Qxd8+ Kxd8 17.h4 Rg8 18.hxg5 hxg5 19.O-O-O+ Ke7 20.Nd4 Rc8 21.Nb5 Nc6
22.Nd6 Nxa5 23.Nxc8+ Rxc8 24.Kb1 Nxb3 25.cxb3 Rg8 26.Rhe1 Nd7 27.Rd2 Rc8
28.Red1 Nb8 29.Rc2 Nd7 30.Bd6+ Bxd6 31.Rxc8 Ne5 32.Kc2 Nxf3 33.Kd3 Be5 34.Ke3 g4
35.Rc4 f5 36.Rxb4 Kf6 37.Rb7 f4+ 38.Ke2 Bxb2 39.Rxa7 Kf5 40.b4 e5 41.Rad7 Nd4+
42.Kf1 Ke6 43.Rd8 Bc3 44.Rb1 Nc6 45.Rc8  1-0

[Event "13th Open A"]
[Site "Zadar CRO"]
[Date "2006.12.16"]
[Round "8"]
[White "Sudakova,I"]
[Black "Plenkovic,Z"]
[Result "1/2-1/2"]
[WhiteElo "2392"]
[BlackElo "2380"]

1.e4 d5 2.exd5 Qxd5 3.Nc3 Qd8 4.d4 Nf6 5.Bc4 a6 6.Nf3 b5 7.Bb3 c5 8.dxc5 Qxd1+
9.Nxd1 e6 10.a4 b4 11.c3 Bxc5 12.cxb4 Bxb4+ 13.Bd2 Bxd2+ 14.Nxd2 Bb7 15.Ne3 Ke7
16.O-O Nc6 17.Rfe1 Nd4 18.Ba2 Rhd8 19.Nb3 Nxb3 20.Bxb3 Rac8 21.Rad1 g6 22.Bc4 Rxd1
23.Rxd1 a5 24.Bb5 Bd5 25.f3 Rc5 26.Rd3 Rc1+ 27.Kf2 Rb1 28.Rd2 Bb3 29.Nc4 Bxc4
30.Bxc4 Nd7 31.Bb5 Nb6 32.Bd3 Ra1 33.b3 Ra3 34.Bc2 Nd5 35.Bd1 Nc3 36.Bc2 Ra2
37.Ke3 Nd5+ 38.Ke2 Kd6 39.Be4 Rxd2+ 40.Kxd2 Nb4 41.Ke3 f5 42.Ba8 Kc5 43.g3 Kb6
44.f4 Kc5 45.Bb7 Nd5+ 46.Kd3 Nf6 47.Bc8 Kd5 48.Bb7+ Kc5 49.Bc8 Kd5 50.Bb7+ Kc5
51.Bc8 Kd5  1/2-1/2

[Event "Bykova Mem"]
[Site "Vladimir RUS"]
[Date "2006.12.17"]
[Round "4"]
[White "Karlovich,A"]
[Black "Bashkite,V"]
[Result "1/2-1/2"]
[WhiteElo "2276"]
[BlackElo "2239"]

1.e4 d5 2.exd5 Qxd5 3.Nc3 Qd6 4.d4 Nf6 5.Nf3 a6 6.Ne5 Nc6 7.Nxc6 Qxc6 8.d5 Qb6
9.Bc4 Bg4 10.Qd3 e6 11.dxe6 Bxe6 12.O-O Bd6 13.Bxe6 fxe6 14.Ne4 O-O 15.Nxd6 cxd6
16.b3  1/2-1/2

[Event "6th Amplico AIG Life 5th-8th"]
[Site "Warsaw POL"]
[Date "2006.12.17"]
[Round "2"]
[White "Zhigalko,A"]
[Black "Vysochin,S"]
[Result "0-1"]
[WhiteElo "2532"]
[BlackElo "2531"]

1.e4 d5 2.exd5 Qxd5 3.Nc3 Qd6 4.d4 Nf6 5.Nf3 c6 6.Ne5 Nbd7 7.Nc4 Qc7 8.Qf3 Nb6
9.Ne5 Be6 10.Bf4 Qd8 11.O-O-O Nbd5 12.Nxd5 Qxd5 13.Qb3 Qe4 14.Qxb7 Qxf4+
15.Kb1 Rd8 16.Nxc6 Bd5 17.Bb5 Nd7 18.Qxa7 Bxc6 19.Bxc6 Qd6 20.d5 g6 21.Rhe1 Bg7
22.Qe3 Bf6 23.g4 h6 24.c3 Bg5 25.Qg3 Bf4 26.Qd3 O-O 27.h4 Ne5 28.Qe4 Nxg4
29.Qxe7 Nxf2 30.Rd4 h5 31.a4 Ng4 32.Qxd6 Bxd6 33.a5 Ne5 34.Ra4 f5 35.a6 f4
36.Bb7 Nd3 37.Re6 f3 38.Rxg6+ Kh7 39.Rg1 f2 40.Rf1 Rde8 41.Kc2 Rf3 42.a7 Re2+
43.Kb3 Rxb2+ 44.Kc4 Ne5+ 45.Kd4 Rf4+ 46.Ke3 Ng4+ 47.Kd3 Rxa4 48.a8=Q Rxa8
49.Bxa8 Nh2  0-1

[Event "Sub-Zt 2.3.4"]
[Site "Bogota COL"]
[Date "2006.12.21"]
[Round "7"]
[White "Ossa,O"]
[Black "Gonzalez,Se"]
[Result "1-0"]
[WhiteElo "2182"]
[BlackElo "2307"]

1.e4 d5 2.exd5 Qxd5 3.Nc3 Qd6 4.Nf3 Nf6 5.d4 a6 6.Bd3 Bg4 7.h3 Bh5 8.O-O e6
9.Ne4 Nxe4 10.Bxe4 c6 11.c3 Nd7 12.a4 Be7 13.Qb3 Rb8 14.Nd2 Qc7 15.f4 O-O
16.f5 exf5 17.Bxf5 c5 18.Ne4 cxd4 19.Bf4 Nc5 20.Qd5 Qd8 21.Bxh7+ Kxh7 22.Qxh5+ Kg8
23.Nxc5 dxc3 24.Bxb8 cxb2 25.Rae1 Qd4+ 26.Kh1 Bxc5 27.Be5 Qb4 28.Bxb2  1-0

[Event "44th National A ch-IND"]
[Site "Atul IND"]
[Date "2006.12.22"]
[Round "6"]
[White "Abhishek,D"]
[Black "Murali Krishnan,B"]
[Result "0-1"]
[WhiteElo "2307"]
[BlackElo "2364"]

1.e4 d5 2.exd5 Qxd5 3.Nc3 Qd8 4.d4 Nf6 5.Nf3 e6 6.Bd3 Be7 7.O-O O-O 8.Ne4 Nbd7
9.b3 b6 10.Bb2 Bb7 11.Qe2 Nd5 12.Qd2 Nb4 13.Rad1 Nxd3 14.Qxd3 Nf6 15.Nxf6+ Bxf6
16.Ne5 Qd5 17.f3 Rfd8 18.c4 Qd6 19.Ng4 Be7 20.Qc3 Bf8 21.Rfe1 a5 22.Kh1 h5
23.Nf2 Qf4 24.Nd3 Qh4 25.c5 Bd5 26.Bc1 g6 27.Bf4 Rac8 28.Be5 Bh6 29.Qc2 Rd7
30.cxb6 Qd8 31.b7 Bxb7 32.Nc5 Bd5 33.Nxd7 Qxd7 34.Qc5 a4 35.bxa4 Qxa4 36.Qe7 Bg7
37.Bxg7 Kxg7 38.a3 c6 39.Qb4 Ra8 40.Qxa4 Rxa4 41.Re3 Kf6 42.Kg1 Ke7 43.Kf2 Kd6
44.Rc3 g5 45.Ke3 f5 46.g3 h4 47.f4 hxg3 48.hxg3 g4 49.Rd2 Ra8 50.Rh2 Rb8
51.a4 Rb1 52.Ra3 Re1+ 53.Kd2 Rb1 54.Rh8 c5 55.dxc5+ Kxc5 56.a5 Rg1 57.a6 Kb4
58.Re3 Ra1 59.Rb8+ Kc5 60.Rc3+ Kd6 61.Rb6+ Kd7 62.Ke3 Ra4 63.Kd2 Ra1 64.Rc2 Ra3
65.Rc1 Kd8 66.Rcb1 Kc7 67.Kc1 Rc3+ 68.Kb2 Rxg3 69.Rb5 Rg2+ 70.Kc3 Ra2 71.Rb6 g3
72.Kd4 g2 73.Ke3  0-1

[Event "15th Donau Open"]
[Site "Aschach an der Donau AUT"]
[Date "2006.12.26"]
[Round "1"]
[White "Volkmann,F"]
[Black "Walter,T"]
[Result "1-0"]
[WhiteElo "2421"]
[BlackElo "2074"]

1.e4 d5 2.exd5 Qxd5 3.Nc3 Qd6 4.d4 Nf6 5.Nf3 Bg4 6.h3 Bxf3 7.Qxf3 c6 8.Bd2 Qxd4
9.O-O-O Nbd7 10.Bf4 Qb4 11.Bc7 g6 12.g4 Bh6+ 13.Kb1 a5 14.a3 Qc5 15.h4 Bg7
16.g5 Nd5 17.Ne4 Qa7 18.Bc4 O-O 19.Bxd5 cxd5 20.Rxd5 Nb6 21.Rb5 Nc4 22.Qd3 Nxb2
23.Rxb2 Bxb2 24.Kxb2 Rac8 25.Be5 Rfd8 26.Qb5 Rc6 27.Ka1 Rxc2 28.Bb2 Qb8 29.Qxa5 b6
30.Qe5 Qxe5 31.Bxe5 Re2 32.f3 Rd3 33.Bb2 Rxf3 34.Nc3 Rd2 35.Rg1 Kf8 36.Rg4 Rf1+
37.Ka2 Rf5 38.Kb3 Rff2 39.Bc1 Rd6 40.a4 Rc6 41.Be3 Rf5 42.Kb4 Ke8 43.Nb5 Rd5
44.Re4 Kd7 45.Rf4 f5 46.gxf6 Rxf6 47.Re4 e5 48.Kc4 Rd1 49.Rxe5 Rc6+ 50.Kb3 Rb1+
51.Ka2 Rb4 52.Bg5 Re6 53.Rd5+ Kc6 54.Ka3 Rxh4 55.Rd3 Rhe4 56.Nd4+ Rxd4 57.Rxd4 h5
58.Kb4 Kb7 59.Bf4 Rf6 60.Rd7+ Kc8 61.Rc7+ Kd8 62.Rc4 Kd7 63.Kb5 g5 64.Be3 g4
65.Bxb6 Rf3 66.a5 Ra3 67.a6 g3 68.a7 g2 69.Rc7+ Kd6 70.Rg7 h4 71.Rxg2 h3
72.Rd2+ Ke7 73.Bc5+  1-0

[Event "27th Open A"]
[Site "Bethune FRA"]
[Date "2006.12.26"]
[Round "1"]
[White "Thorfinnsson,Br"]
[Black "Stawiarski,E"]
[Result "1-0"]
[WhiteElo "2387"]
[BlackElo "2120"]

1.e4 d5 2.exd5 Qxd5 3.Nc3 Qd8 4.Bc4 Nf6 5.Nf3 Bf5 6.Ne5 e6 7.Qf3 Qd4 8.Qxb7 Qxe5+
9.Be2 Bd6 10.Qxa8 O-O 11.Qf3 Nd5 12.d4 Qxd4 13.Nxd5 Be4 14.Nf6+ gxf6 15.Qe3 Qd5
16.Bf3 Bxf3 17.gxf3 Kh8 18.Bd2 Nc6 19.Bc3 Be5 20.Rd1 Qc4 21.Rg1 Rg8 22.Rxg8+ Kxg8
23.Qd3 Qh4 24.Qe4 Bxc3+ 25.bxc3 Ne5 26.Qxh4 Nxf3+ 27.Ke2 Nxh4 28.Rd7  1-0

[Event "Masters"]
[Site "Singapore SIN"]
[Date "2006.12.26"]
[Round "1"]
[White "Tin Lay Shwe"]
[Black "Aplin,C"]
[Result "0-1"]
[WhiteElo "2272"]
[BlackElo "2044"]

1.e4 d5 2.exd5 Qxd5 3.Nc3 Qd6 4.d4 Nf6 5.Nge2 a6 6.Bf4 Qb6 7.Qd2 Bf5 8.Ng3 Bg6
9.Be2 e6 10.O-O Nbd7 11.Bf3 Bd6 12.Nce4 Bxf4 13.Nxf6+ Nxf6 14.Qxf4 O-O-O
15.c3 Qxb2 16.Be4 Nxe4 17.Nxe4 Bxe4 18.Qxe4 Qxc3 19.Rab1 c6 20.Rfc1 Rxd4
21.Qe2 Qd2 22.Qf3 Rf4 23.Qg3 Rd8 24.h3 g6 25.Rc3 Rd7 26.Rbb3 Qxf2+ 27.Kh2 Qxg3+
28.Kxg3 Rfd4 29.Rf3 f5 30.Rbe3 R7d6 31.h4 f4+ 32.Rxf4 Rxf4 33.Kxf4 c5 34.Ke5 Kc7
35.Kf6 c4 36.Kg7 Rd7+ 37.Kf6 b5 38.Kxe6 Rd3 39.Re2 c3 40.a3 a5 41.Kf6 b4
42.axb4 axb4 43.Re4 b3 44.Rb4 b2 45.Rb3 c2 46.Rxd3 c1=Q 47.Rb3 b1=Q 48.Rxb1 Qxb1
49.Kg7 Kd7 50.g4 Ke7 51.g5 Qb2+ 52.Kxh7 Kf7  0-1

[Event "27th Open A"]
[Site "Bethune FRA"]
[Date "2006.12.27"]
[Round "4"]
[White "Kjartansson,G"]
[Black "Foisor,M"]
[Result "1-0"]
[WhiteElo "2246"]
[BlackElo "1981"]

1.e4 d5 2.exd5 Qxd5 3.Nc3 Qd6 4.Bc4 c5 5.d3 a6 6.Nf3 Nf6 7.Qe2 Nc6 8.Ne4 Nxe4
9.dxe4 e6 10.e5 Qc7 11.c3 b5 12.Bd3 Bb7 13.O-O Be7 14.h4 Rd8 15.Bf4 c4 16.Bc2 Bc5
17.Ng5 h6 18.Ne4 Be7 19.Qg4 Kf8 20.Nd6 Bxd6 21.exd6 Qd7 22.Rad1 Bc8 23.Qg3 Bb7
24.h5 Na7 25.Be5 f6 26.Bd4 Bd5 27.Rfe1 Nc8 28.Bc5 Qc6 29.Bb4 Rd7 30.Qg6 Nxd6
31.Bf5 a5 32.Rxd5 axb4 33.Bxe6 Re7 34.Rd4 bxc3 35.bxc3 Ne8 36.Rde4 Qd6 37.Bxc4 bxc4
38.Rxe7  1-0

[Event "Czech Christmas"]
[Site "Litomysl CZE"]
[Date "2006.12.27"]
[Round "2"]
[White "Vanek,T"]
[Black "Kantorik,M"]
[Result "1-0"]
[WhiteElo "2218"]
[BlackElo "2364"]

1.e4 d5 2.exd5 Qxd5 3.Nc3 Qd6 4.d4 Nf6 5.Nf3 Bg4 6.Be3 e6 7.h3 Bxf3 8.Qxf3 c6
9.O-O-O Qc7 10.Kb1 Nbd7 11.g4 Nb6 12.Bf4 Bd6 13.Bxd6 Qxd6 14.g5 Nfd5 15.Ne4 Qc7
16.c4 Ne7 17.c5 Nbc8 18.h4 Nf5 19.Bc4 Nce7 20.Qa3 Rd8 21.h5 Qf4 22.Rhe1 O-O
23.Qxa7 Nxd4 24.Qxb7 Nef5 25.g6 Rb8 26.Qd7 Nf3 27.gxf7+ Kh8 28.Re2 e5 29.b3 N5d4
30.Re3 Nf5 31.Qd3 Nxe3 32.fxe3 Qh4 33.Nd6 Qxh5 34.Qe2 e4 35.Nxe4 Qf5 36.Qc2 Ne5
37.Nd6 Qf3 38.Be2 Qxe3 39.Rh1 h6 40.Nf5 Qg5 41.Qe4 Nxf7 42.Bd3 Qg6 43.Nxh6 Qxe4
44.Nxf7+ Kg8 45.Bxe4 Kxf7 46.Bxc6 Kg6 47.Re1 Kf5 48.Bd7+ Kf4 49.c6 Rh8 50.c7 Ra8
51.Rc1 Rac8 52.Bxc8 Rxc8 53.b4  1-0

[Event "Weihnachtsopen Masters"]
[Site "Zurich SUI"]
[Date "2006.12.27"]
[Round "3"]
[White "Pfau,Mi"]
[Black "Schneider,Marc"]
[Result "0-1"]
[WhiteElo "1906"]
[BlackElo "2129"]

1.e4 d5 2.exd5 Qxd5 3.Nc3 Qd6 4.g3 Nf6 5.Bg2 Bg4 6.Nge2 c6 7.d4 e6 8.f3 Bf5
9.g4 Bg6 10.g5 Nd5 11.Ne4 Bxe4 12.fxe4 Nb6 13.e5 Qd7 14.Ng3 Na6 15.c3 c5
16.O-O cxd4 17.cxd4 Rd8 18.Qf3 Qxd4+ 19.Be3 Qxe3+ 20.Qxe3 Bc5 21.Qxc5 Nxc5
22.Rac1 Nd3 23.Rc7 Rd7 24.Rxb7 Rxb7 25.Bxb7 Nxe5 26.b3 O-O 27.Rd1 Rb8 28.Be4 Kf8
29.h4 Rc8 30.Ne2 Ke7 31.h5 h6 32.g6 f5 33.Bb1 Rd8 34.Rxd8 Kxd8 35.Nd4 Ke7
36.b4 Kf6 37.a3 Nec4 38.Ba2 e5 39.Nc6 Nxa3 40.Nxa7 Kg5 41.Nc6 Nac4 42.Bb1 e4
43.Ne7 Nd6 44.Kf2 Kxh5 45.Ke3 Kg5 46.Kd4 h5 47.Ke3 h4 48.Kf2 Kf6 49.Nc6 Kxg6  0-1

[Event "27th Open A"]
[Site "Bethune FRA"]
[Date "2006.12.28"]
[Round "5"]
[White "Fedorchuk,S"]
[Black "Foisor,S"]
[Result "1/2-1/2"]
[WhiteElo "2599"]
[BlackElo "2326"]

1.e4 d5 2.exd5 Qxd5 3.Nc3 Qd6 4.d4 Nf6 5.Bg5 a6 6.Be2 Nbd7 7.Qd2 b5 8.Bf3 Rb8
9.Bf4 Qb6 10.d5 Bb7 11.Nge2 b4 12.Nd1 g6 13.a3 a5 14.axb4 axb4 15.Ne3 Ra8
16.O-O Bg7 17.Rxa8+ Bxa8 18.Ra1 O-O 19.Ra4 Nc5 20.Rxb4 Qa5 21.Rd4 Qa1+ 22.Qd1 Qxb2
23.Rc4 Qb6 24.c3 Ne8 25.Rb4 Qa6 26.Nd4 Nd6 27.h4 Qa3 28.Nec2 Qa2 29.Nb5 Nxb5
30.Rxb5 Qc4 31.Rb4 Qxc3 32.Bd2 Qd3 33.Ne1 Qa3 34.Rb5 Nd7 35.Nc2 Qa4 36.Rb4 Qa2
37.Ne3 Nb6 38.Rb5 Rd8 39.Ra5 Qb2 40.Ra7 Qe5 41.Qc1 Bxd5 42.Nxd5 Nxd5 43.Ba5 Rb8
44.Bxc7 Nxc7 45.Rxc7 Qf5 46.Rb7 Rxb7 47.Bxb7 Bf6 48.g3 Kg7 49.Kg2 Bd4 50.Qd2 e5
51.Qe2 h6 52.Bd5 g5 53.Be4 Qf6 54.hxg5 hxg5 55.Qf3 Qxf3+ 56.Kxf3  1/2-1/2

[Event "1st Open"]
[Site "Illes Medes ESP"]
[Date "2006.12.28"]
[Round "1"]
[White "Bartel,Mat"]
[Black "Martinez Lopez,I"]
[Result "1-0"]
[WhiteElo "2569"]
[BlackElo "2231"]

1.e4 d5 2.exd5 Qxd5 3.Nc3 Qd8 4.Bc4 Nf6 5.Nf3 Bf5 6.h3 e6 7.Qe2 Be7 8.g4 Bg6
9.d3 Nbd7 10.Bd2 c6 11.O-O-O b5 12.Bb3 a5 13.Nd4 Qb6 14.Nxe6 fxe6 15.Bxe6 O-O-O
16.f4 h6 17.f5 Be8 18.Be3 Qc7 19.d4 b4 20.Na4 Nd5 21.Bd2 Bd6 22.Rhe1 Kb7
23.c4 Nf4 24.Qf3 Nxe6 25.fxe6 Nf6 26.Qf5 c5 27.Nxc5+ Bxc5 28.dxc5 Rd4 29.b3 Bc6
30.Be3 Rxd1+ 31.Rxd1 Rd8 32.Rd6 Rxd6 33.cxd6 Qxd6 34.Qxa5 Ne4 35.e7 Nc3 36.Qb6+ Kc8
37.e8=Q+  1-0

[Event "Masters"]
[Site "Singapore SIN"]
[Date "2006.12.28"]
[Round "5"]
[White "Le Kieu Thien,Kim"]
[Black "Aplin,C"]
[Result "1-0"]
[WhiteElo "2322"]
[BlackElo "2044"]

1.e4 d5 2.exd5 Qxd5 3.Nc3 Qd6 4.d4 Nf6 5.Nf3 a6 6.Be2 Nc6 7.h3 Bf5 8.a3 O-O-O
9.Be3 e5 10.dxe5 Nxe5 11.Qxd6 Nxf3+ 12.Bxf3 Bxd6 13.O-O-O Be5 14.Nd5 Rhe8
15.Rhe1 Nxd5 16.Bxd5 Be6 17.Bf3 Rxd1+ 18.Rxd1 f5 19.Bd4 Bf4+ 20.Kb1 g5 21.g3 Bd6
22.Kc1 h6 23.Bg7 Rg8 24.Bc3 g4 25.hxg4 fxg4 26.Bg2 Bc5 27.Bd4 Bxd4 28.Rxd4 Rf8
29.Rd2 c6 30.b3 Bd5 31.Bf1 Kc7 32.c4 Bf3 33.Kc2 Re8 34.Bd3 Re5 35.Kc3 c5
36.b4 b6 37.Bc2 b5 38.cxb5 cxb4+ 39.axb4 axb5 40.Bd3 Rd5 41.Ra2 Kb6 42.Ra1 Re5
43.Rc1 Re7 44.Kd4 Rd7+ 45.Ke3 Re7+ 46.Kd2 Rd7 47.Re1 Bd5 48.Kc3 Rf7 49.Re5 Bc6
50.Rf5 Re7 51.Rf6 Kb7 52.Kd4 Rd7+ 53.Ke3 Re7+ 54.Kf4 Bd7 55.Rxh6 Rf7+ 56.Ke3 Re7+
57.Kd4 Rf7 58.Rh7 Rxh7 59.Bxh7 Kc6 60.Ke5 Bc8 61.Be4+ Kc7 62.Bf5  1-0

[Event "Masters"]
[Site "Singapore SIN"]
[Date "2006.12.28"]
[Round "6"]
[White "Wang Yu A"]
[Black "Tirto"]
[Result "1-0"]
[WhiteElo "2389"]
[BlackElo "2429"]

1.e4 d5 2.exd5 Qxd5 3.Nc3 Qd6 4.d4 Nf6 5.Nf3 a6 6.g3 Bg4 7.Bg2 Nc6 8.O-O O-O-O
9.d5 Nb4 10.h3 Bh5 11.Bf4 Qc5 12.Be3 Qa5 13.g4 Bg6 14.Nd4 Rxd5 15.Nxd5 Nbxd5
16.Nb3 Qb5 17.a4 Nxe3 18.axb5 Nxd1 19.bxa6 bxa6 20.Rxa6 c5 21.Rxd1 Bxc2 22.Rc6+ Kb8
23.Rd8+ Kb7 24.Nxc5+  1-0

[Event "15th Donau Open"]
[Site "Aschach an der Donau AUT"]
[Date "2006.12.29"]
[Round "5"]
[White "Hrzica,R"]
[Black "Walter,T"]
[Result "1-0"]
[WhiteElo "2261"]
[BlackElo "2074"]

1.e4 d5 2.exd5 Qxd5 3.Nc3 Qd6 4.Nf3 Nf6 5.Nb5 Qd8 6.d4 a6 7.Na3 Bg4 8.c3 e6
9.Nc4 Nc6 10.Be2 Be7 11.Qb3 Rb8 12.Qa4 Qd7 13.Qc2 Bf5 14.Bd3 Bxd3 15.Qxd3 b5
16.Nce5 Nxe5 17.Nxe5 Qd5 18.O-O O-O 19.a4 Rfd8 20.Qe2 h6 21.axb5 axb5 22.Bf4 Bd6
23.Rfe1 Ra8 24.Rad1 Ra2 25.Bg3 Qb3 26.Nd3 Qc4 27.Bh4 g5 28.Bg3 Kg7 29.Qf3 Qd5
30.Qe3 Qf5 31.Qc1 Ne4 32.Bxd6 cxd6 33.f3 Nf6 34.Nb4 Raa8 35.d5 Nxd5 36.Nxd5 exd5
37.Qd2 Re8 38.Rxe8 Rxe8 39.Qxd5 Qc2 40.Qd4+ Kg8 41.Qd2 Re2 42.Qxc2 Rxc2 43.Rxd6 Rxb2
44.Rxh6 Kg7 45.Rb6 f6 46.h3 Kg6 47.Kh2 Rc2 48.Rxb5 Rxc3 49.Kg3 Rc2 50.Rb4 Ra2
51.h4 gxh4+ 52.Rxh4 Rc2 53.Ra4 Rb2 54.Kh3 Rb5 55.Kg3 Rb2 56.Ra5 Rc2 57.Kh3 Rf2
58.Rb5 Kh6 59.Kg3 Rc2 60.f4 Kg6 61.Kh3 Rc3+ 62.Kh4 Rc4 63.g3 Ra4 64.Rb8 Rc4
65.Kg4 Ra4 66.Rg8+ Kf7 67.Rd8 Kg6 68.Rd3 Rb4 69.Kh4 Ra4 70.Rf3 Ra1 71.Kg4 f5+
72.Kh3 Kh5 73.Rb3 Rh1+ 74.Kg2 Rc1 75.Rb8 Rc2+ 76.Kh3 Kg6 77.Rb6+ Kh5 78.Rf6 Rc5
79.Rf8 Kg6 80.Rg8+ Kf6 81.Ra8 Kg6 82.Kh4 Rc6 83.Rg8+ Kf6 84.Kh5 Kf7 85.Ra8 Kf6
86.Rf8+ Ke6 87.Kg6 Ke7+ 88.Kg7 Rc3 89.Rf7+ Ke6 90.Rf6+ Ke7 91.Rg6 Rb3 92.Rg5 Ke6
93.Kg8 Rb8+ 94.Kh7 Rb3 95.Kg7 Rb7+ 96.Kh6 Rb3 97.Kh5 Ra3 98.Kh4 Kf6 99.Rg8 Ra1  1-0